000 01418nkm0a2200325 4500
001 RU\NLR\DIGIT\15055
005 20260628141036.0
035 _a(NLR Aleph) 010117420
090 _a13738173
_c13738173
100 _a20050615d1932 m y0rusy50 ca
101 0 _arus
102 _aRU
135 _acoco 024apabr
200 1 _aКультурно жить – производительно работать
_e[Плакат]
_fГ.Г.Клуцис
210 _aМосква
_aЛенинград
_cОГИЗ-ИЗОГИЗ
_d1932
215 _cХромолитография
_d144 х 100,5
325 _aКопия доступна в Электрон. б-ке РНБ http://vivaldi.nlr.ru/la000000169/view
610 _aОбщественно-политический плакат
700 1 _aКлуцис
_bГ. Г.
_f1895-1944
_gГустав Густавович
_4040
801 2 _aRU
_bNLR
_c20071207
_2rusmarc
852 _aNLR
_bЭ
856 0 _uhttp://vivaldi.nlr.ru/la000000169/view
856 1 _uhttp://vivaldi.nlr.ru/la000000169/cover
856 2 _uhttp://vivaldi.nlr.ru/la000000169/text
942 _cVISUAL
980 _aNB
981 3 6 _a(36) Цифровой репозиторий РНБ
981 1 7 _a(17) Изографические материалы
_b(17) Плакаты
981 1 3 _a(13) Документы, защищенные авторским правом